Kerjaya sebagai Pegawai Perubatan

Bibliographic Details
Main Author: Rashidah Mat Nor
Other Authors: Kamal Shukri Abdullah Sani
Format: Book
Published: Kuala Lumpur : PTS Professional Publishing , 2007
Subjects:

MARC

LEADER 00000cam a2200000 7i4500
001 0000019616
005 20080624.0
008 080618
020 |a 9833586007 
090 0 0 |a 610.92   |b RAS 
100 1 |a Rashidah Mat Nor 
245 1 0 |a Kerjaya sebagai Pegawai Perubatan   |c Rashidah Mat Nor, Kamal Shukri Abdullah Sani 
260 |a Kuala Lumpur :   |b PTS Professional Publishing ,   |c 2007 
650 0 |a Physilians 
650 0 |a Physilians   |x vocational guidance 
700 1 |a Kamal Shukri Abdullah Sani 
999 |a 0001024934   |b Book   |c Adult Collection   |e Cawangan AEON Kulaijaya 
999 |a 0001026020   |b Book   |c Adult Collection   |e Perbadanan Perpustakaan Awam Johor 
999 |a 0001026021   |b Book   |c Adult Collection   |e Perbadanan Perpustakaan Awam Johor 
999 |a 0001026023   |b Book   |c Adult Collection   |e Cawangan AEON Kulaijaya